00333cam a22000977a 4500008004000000082001200040100002100052245010300073260005000176300000900226180718b1970 xxu||||| |||| 00| 0 eng d aL1 Un3p aWildavsky, Aaron aThe political economy of efficiency: cost- benefit analysis, systems budgetingcby Aaron Wildavsky aLondonbHer Majesty's Stationery Officec1970 a15p.